Normal view
MARC view
Entry Topical Term
001 - CONTROL NUMBER
- control field: 2002
003 - CONTROL NUMBER IDENTIFIER
- control field: BD-RjUL
005 - DATE AND TIME OF LATEST TRANSACTION
- control field: 20220323180950.0
008 - FIXED-LENGTH DATA ELEMENTS
- fixed length control field: 220323|| aca||aabn | a|a d
040 ## - CATALOGING SOURCE
- Original cataloging agency: BD-RjUL
- Transcribing agency: BD-RjUL
150 ## - HEADING--TOPICAL TERM
- Topical term or geographic name entry element: ইসলামী ধর্মীয় শিক্ষা
- Geographic subdivision: বাংলাদেশ
- Geographic subdivision: কুডিগ্র্রাম জেলা
- Chronological subdivision: ১৯০০ -২০০৬ খ্রিষ্টাব্দ
670 ## - SOURCE DATA FOUND
- Source citation: Work cat.: (BD-RjUL)79274: ফারায়েজী, মোহাম্মদ আব্দুল হাকিম 972, কুডিগ্র্রামেে আরবী ও ইসলামী শিক্ষা সম্প্র্র্রসারণেে আলিমদের অবদান (১৯০০ -২০০৬খ্রী.) /, ২০১৪